INORGANIC CHEMISTRY-1 (Record no. 9292)

MARC details
000 -LEADER
fixed length control field 00501nam a22001577a 4500
003 - CONTROL NUMBER IDENTIFIER
control field SGT
020 ## - INTERNATIONAL STANDARD BOOK NUMBER
International Standard Book Number 9789351402008
082 ## - DEWEY DECIMAL CLASSIFICATION NUMBER
Classification number 546,PIM
100 ## - MAIN ENTRY--PERSONAL NAME
Personal name PIMPALAPURE,S
245 ## - TITLE STATEMENT
Title INORGANIC CHEMISTRY-1
260 ## - PUBLICATION, DISTRIBUTION, ETC. (IMPRINT)
Place of publication, distribution, etc NEW DELHI
Name of publisher, distributor, etc PRAGATI
Year of Publication 2014
300 ## - PAGE DESCRIPTION
No. of Pages 395
650 ## - SUBJECT ADDED ENTRY--TOPICAL TERM
Topical term or geographic name as entry element INORGANIC CHEMISTRY,SYMMETRY ELEMENTS AND GROUP THEORY,APPLICATION OF SYMMETRY,METAL-LIGAND EQUILIBBIA IN SOLUTION,METAL -LIGAND BONDING,HARD AND SOFT ACID BASE THEORY
653 ## - KEYWORDS--INDEX TERM
Keyword term QUANTUM CHEMISTRY
942 ## - ADDED ENTRY ELEMENTS (KOHA)
Source of classification or shelving scheme Dewey Decimal Classification
Koha item type FPS Books
942 ## - ADDED ENTRY ELEMENTS (KOHA)
-- 13
Holdings
Withdrawn status Lost status Source of classification or shelving scheme Damaged status Not for loan Collection code Home library Current library Shelving location Date acquired Cost, normal purchase price SGTU Bill Number Full call number Accession No. (Barcode) Date last seen Bill Date Koha item type Total Checkouts Date last borrowed
    Dewey Decimal Classification   Not For Loan SCIENCE SGT Science & Social Sciences Library SGT Science & Social Sciences Library Reference Book 28/06/2016 310.00 SGTU 6884 546,PIM PS1814 28/06/2016 21/04/2016 FPS Books    
    Dewey Decimal Classification     SCIENCE SGT Science & Social Sciences Library SGT Science & Social Sciences Library Text Book 28/06/2016 310.00 SGTU 6884 546,PIM PS1815 30/11/2022 21/04/2016 FPS Books 9 16/11/2022
    Dewey Decimal Classification     SCIENCE SGT Science & Social Sciences Library SGT Science & Social Sciences Library Text Book 28/06/2016 310.00 SGTU 6884 546,PIM PS1816 03/11/2022 21/04/2016 FPS Books 13 21/10/2022
    Dewey Decimal Classification     SCIENCE SGT Science & Social Sciences Library SGT Science & Social Sciences Library Text Book 28/06/2016 310.00 SGTU 6884 546,PIM PS1817 11/11/2025 21/04/2016 FPS Books 16 27/10/2025
    Dewey Decimal Classification     SCIENCE SGT Science & Social Sciences Library SGT Science & Social Sciences Library Text Book 28/06/2016 310.00 SGTU 6884 546,PIM PS1818 27/01/2023 21/04/2016 FPS Books 19 21/01/2023